00419nam a22001337a 450000500170000000800410001704100130005808200130007110000130008424500440009726000860014130000320022765000260025920240508142035.0240508b |||||||| |||| 00| 0 eng d aEnglish  a349 LAW  lEnglish  aThe Law Reports: Queen's Bench Division aLondon: bThe Incorporated Council of Law Reporting for England and Wales, c1970 bxxiii, 746 pages; c25 cm.  aLegal practice bLaw